Кн. 2 : От истоков до начала XVI века; Русская иконопись

Bibliographic Details
Parent link:Русская иконопись: в 6 т./ В. Н. Лазарев. Кн. 2 : От истоков до начала XVI века.— , 1983
Language:Russian
Published: 1983
Subjects:
Format: Book
KOHA link:https://koha.lib.tpu.ru/cgi-bin/koha/opac-detail.pl?biblionumber=132255

MARC

LEADER 00000nam2a2200000 4500
001 132255
005 20231031134759.0
020 |a RU  |b 84-49050 
035 |a (RuTPU)RU\TPU\book\143202 
090 |a 132255 
100 |a 20080228d1983 m y0rusy5003 ca 
101 0 |a rus 
102 |a RU 
105 |a y z 001zy 
200 0 |a Кн. 2 : От истоков до начала XVI века 
210 |d 1983 
215 |a 160 с. 
320 |a Библиография в примечаниях. 
320 |a Библиография: с. 147-152. 
461 1 |0 (RuTPU)RU\TPU\book\160892  |t Русская иконопись  |o в 6 т.  |f В. Н. Лазарев  |v Кн. 2 : От истоков до начала XVI века  |d 1983 
610 1 |a искусство 
610 1 |a живопись 
610 1 |a иконы 
610 1 |a иконопись 
610 1 |a истоки 
610 1 |a 16 век 
675 |a 75.046  |v 3 
801 0 |a RU  |b RuMRKP  |c 19950704  |g psbo 
801 1 |a RU  |b 63413507  |c 20080228  |g PSBO 
801 2 |a RU  |b 63413507  |c 20081202  |g PSBO 
942 |c BK